| 000 | 00580nam a2200241Ia 4500 | ||
|---|---|---|---|
| 003 | OSt | ||
| 005 | 20221007101916.0 | ||
| 006 | a|||||r|||| 00| 0 | ||
| 007 | ta | ||
| 008 | 221006b |||||||| |||| 00| 0 eng d | ||
| 024 | _a8,776 | ||
| 037 | _cBound Volume | ||
| 040 |
_aLCO _cLCO _beng |
||
| 041 |
_2eng _aeng |
||
| 082 | _aZm2,N93, N3 | ||
| 245 | 0 | _aCRIMINAL LAW JOURNAL, 1993, May-Aug. | |
| 260 |
_aNagpur _c1993 |
||
| 300 | _a2656 | ||
| 490 | _v99 | ||
| 650 | _aCRIMINAL LAW JOURNAL | ||
| 942 |
_hZm2,N93, N3 _cCR |
||
| 999 |
_c1178339 _d1178339 |
||